• 首页
  • 本馆介绍
  • 公告通知
  • 最新文献
  • 馆藏检索
  • 电子资源
  • 读者导购
  • 参考咨询
  • 我的图书馆
  • 登录
  • 详细信息显示
  • 放入我的书架
  • 预约/预借图书
  • 作者相关作品
  • 分类相关作品
  • 丛书相关作品
  • 出版社相关作品

书目信息

  • 表格格式
  • 工作单格式
  • 卡片格式
题名:
英语写作
    
 
作者: 李正栓 , 焦绘宏 主编
分册:   毕业论文写作
出版信息: 北京   北京大学出版社  2015.06
页数: 285页
开本: 26cm
丛书名:
单 册:
中图分类: G642.477 , H315
科图分类:
主题词: 英语--毕业论文--写作--高等学校--教学参考资料
电子资源:
ISBN: 978-7-301-25857-6
000 01020nam0 2200289 450
001 0103152658
005 20201104100931.98
010    @a978-7-301-25857-6@dCNY46.00
100    @a20151126e20182015em y0chiy50 ea
101 0  @achi@aeng
102    @aCN@b110000
105    @ay z 000yy
106    @ar
200 1  @a英语写作@Aying yu xie zuo@i毕业论文写作@f李正栓, 焦绘宏主编
205    @a3版
210    @a北京@c北京大学出版社@d2015.06@h2018.08
215    @a285页@d26cm
312    @a封面英文题名:English writing, Thesis writing
330    @a本书分七章,分别为毕业论文写作概述、毕业论文的格式、毕业论文论文的选题、毕业论文资料的准备和利用、毕业论文的具体撰写、毕业论文的答辨、毕业论文实例。
510 1  @aEnglish writing@iThesis writing@zeng
606 0  @a英语@x毕业论文@x写作@x高等学校@j教学参考资料
690    @aG642.477@v5
690    @aH315@v5
701  0 @a李正栓@ALi Zheng Shuan@4主编
701  0 @a焦绘宏@Ajiao hui hong@4主编
801  0 @aCN@bBJSZM@c20201103
905    @b1257486-90@dG642.477@e1738=3@f5
    
    英语写作.毕业论文写作/李正栓, 焦绘宏主编.-3版.-北京:北京大学出版社,2015.06(2018.08)
    285页;26cm
    
    
    ISBN 978-7-301-25857-6:CNY46.00
    本书分七章,分别为毕业论文写作概述、毕业论文的格式、毕业论文论文的选题、毕业论文资料的准备和利用、毕业论文的具体撰写、毕业论文的答辨、毕业论文实例。
●
相关链接 在E读中查询图书 在五车中查询图书 在当当中查询图书 在豆瓣中查询图书


正题名:英语写作     索取号:G642.477/1738=3         预约/预借

序号 登录号 条形码 馆藏地/架位号 状态 备注
1 1257486   212574864   第一样本阅览室/ [索取号:G642.477/1738=3] 在馆    
2 1257487   212574873   教育系资料室/ [索取号:G642.477/1738=3] 在馆    
3 1257488   212574882   教育系资料室/ [索取号:G642.477/1738=3] 在馆    
4 1257489   212574891   第四借阅区/ [索取号:G642.477/1738=3] 在馆    
5 1257490   212574908   第四借阅区/ [索取号:G642.477/1738=3] 在馆    
唐山师范学院图书馆 欢迎您!
大连网信软件有限公司© 版权所有